000 00812nam a2200277Ia 4500
001 11073
003 GE_BSU
008 181216s||||||||xx |||||||||||||| ||und||
020 _a9781412963633(pbk)
040 _cGE_BSU
080 _a371.4
100 _aLindsey,Randall.B; Kikanza Nuri Robins; Raymond D. Terrell.
245 _aCULTURAL PROFICIENCY.
245 2 _bA Manual for school Leaders.
245 _cForeword by Darline P. Robles.
250 _a3rd ed.
260 _aThousand Oaks,CA
260 _bCorwin Press.
260 _c2009.
300 _a318p;ill;26cm.
520 _aშემოსულია ტემპუსის პროექტით.
541 _h90Gel.
653 _aCULTURAL PROFICIENCY.
653 _aტემპუსის პროექტით
942 _cBK
999 _c44315
_d44315